|
|
|
|
| LEADER |
00000naa a2200000uu 4500 |
| 001 |
vtls010957192 |
| 003 |
SK-MaSNL |
| 005 |
20260302130158.0 |
| 008 |
210905|1995 xo |||||||||||||||||eng| |
| 015 |
|
|
|a SNBRA
|
| 035 |
|
|
|a (urnnbn)urn:nbn:sk:snk:ar-a0bore
|
| 035 |
|
|
|a (uuid)8d0760df-6f6c-48f4-85b5-42bd88c47313
|
| 035 |
|
|
|a urn:nbn:sk:snk-aaugi4
|
| 040 |
|
|
|a SNKBUCL
|b slo
|c SNKBUCL
|e AACR2
|
| 041 |
0 |
|
|a eng
|
| 044 |
|
|
|a xo
|c SK
|
| 100 |
1 |
|
|a Raichev, Andrei
|4 aut
|9 814050
|
| 245 |
1 |
0 |
|a POSSIBILITIES FOR VACUUM DRYING OF BEECH WOOD
|c Andrei Raichev, Chrisiofor Videlov
|
| 700 |
1 |
|
|a Videlov, Chrisiofor
|4 aut
|9 814051
|
| 773 |
0 |
|
|t Vacuum Drying of Wood '95
|d Zvolen : Technická univerzita, 1995
|g S. 147-151
|z 8022804398
|
| 958 |
|
|
|a OND
|
| 958 |
|
|
|a article11
|
| 958 |
|
|
|a chapter
|
| 999 |
|
|
|c 1297749
|d 1299679
|